000 00832nam a2200253 a 4500
003 OSt
005 20260324155220.0
008
020 _a190232840X (paperback)
040 _aNUST
_cNUST
_beng
_dNUST
_erda
050 _aREF QM25 IAZ
100 1 _aIazzetti, Giovanni.
_eAuthor
245 1 0 _aAtlas of human anatomy /
_cGiovanni Iazzetti and Enrico Rigutti.
260 _aSurrey :
_bTAJ BOOKS,
_c2002.
300 _a240 pages :
_billustrations (chiefly colour) ;
_c27 cm.
336 _atext
_2rdacontent
_btxt
337 _aunmediated
_2rdamedia
_bn
338 _avolume
_2rdacarrier
_bnc
504 _aIncludes Index
650 _aHuman anatomy
_xatlases
650 1 _aHuman anatomy.
700 _aRigutti, Enrico.
942 _cBOOKS
_kREF QM
_mIAZ
_2lcc
_hREF QM 25 IAZ
_n0
_01
999 _c118875
_d118875